000 00675nam a2200193Ia 4500
003 GCL
008 140319s9999 xx 000 0 ara d
040 _aGCL /
_cGCL
082 0 4 _a917.3
_bر و
100 1 _aراتب الزيات
245 1 0 _aالولايات المتحدة الامريكية /
_cراتب الزيات
300 _aمتعدد
490 _aسلسلة عالم المدن حول بلدان العالم
_v0
650 0 4 _aالولايات المتحدة الامريكية
650 0 4 _aالمكسيك - وصف ورحلات
650 0 4 _aالبرازيل - وصف ورحلات
650 0 4 _aهونج كونج - وصف ورحلات
942 _2ddc
_cBK
999 _c51873
_d51873